Les lieux des finals de LDC depuis sa création - Statistiques

Statistiques générales
  • Ce quiz a été pris 131 fois
  • Le résultat moyen est 53 sur 69
Statistiques - réponses
Année Réponse % Correct
2022 Paris
98%
2006 Paris
98%
2000 Paris
98%
1981 Paris
98%
1975 Paris
98%
1956 Paris
98%
2024 Londres
97%
2013 Londres
97%
2011 Londres
97%
1992 Londres
97%
1978 Londres
97%
1971 Londres
97%
1968 Londres
97%
1963 Londres
97%
2019 Madrid
95%
2010 Madrid
95%
1980 Madrid
95%
1969 Madrid
95%
1957 Madrid
95%
1999 Barcelone
90%
1989 Barcelone
90%
2020 Lisbonne
90%
2014 Lisbonne
90%
1967 Lisbonne
90%
2016 Milan
90%
1970 Milan
90%
1965 Milan
90%
2012 Munich
89%
2001 Munich
89%
1993 Munich
89%
1979 Munich
89%
2009 Rome
85%
1984 Rome
85%
1977 Rome
85%
2015 Berlin
84%
2003 Manchester
84%
2023 Istanbul
83%
2005 Istanbul
83%
2021 Porto
82%
1996 Turin
80%
1998 Amsterdam
77%
1962 Amsterdam
77%
2008 Moscou
77%
1985 Bruxelles
75%
1974 Bruxelles
75%
1966 Bruxelles
75%
1958 Bruxelles
75%
2007 Athènes
68%
1994 Athènes
68%
1983 Athènes
68%
1997 Dortmund
67%
2018 Kiev
67%
1986 Séville
62%
2017 Cardiff
58%
2002 Glasgow
54%
1976 Glasgow
54%
1960 Glasgow
54%
1995 Vienne
54%
1990 Vienne
54%
1987 Vienne
54%
1964 Vienne
54%
1961 Berne
51%
1973 Belgrade
44%
1982 Rotterdam
43%
1972 Rotterdam
43%
2004 Gelsenkirchen
21%
1988 Stuttgart
18%
1959 Stuttgart
18%
1991 Bari
14%
Aucun quiz correspondant
Distribution des résultats
% des personnes avec chaque résultat
Percentile par nombre de réponses
Votre historique - résultats
Vous n’avez pas pris ce quiz